Territorio, poder y representación : ámbitos de lucha y defensa /

שמור ב:
מידע ביבליוגרפי
מחברים אחרים: Estopier Antonio, Flor Idalia (coordinador.), González Cruz, Erik Geovany (coordinador.)
פורמט: ספר אלקטרוני
שפה:ספרדית
יצא לאור: Ciudad de México : Huika Mexihco, 2024.
נושאים:
גישה מקוונת:https://elibro.unach.elogim.com/es/lc/unach/titulos/292604
תגים: הוספת תג
אין תגיות, היה/י הראשונ/ה לתייג את הרשומה!

MARC

LEADER 00000nam a2200000 i 4500
001 ELB292604
003 FINmELB
005 20260222123856.0
006 m o u
007 cr cn|||||||||
008 260222s2024 mx ob 000 0 spa d
020 |a 9786075451077  |q (e-book) 
035 |a (OCoLC)1574227726 
040 |a FINmELB  |b spa  |e rda  |c FINmELB 
050 1 4 |a HM131  |b T327 2024 
080 |a 316.3 
082 0 4 |a 302.14  |2 23 
245 0 0 |a Territorio, poder y representación :  |b ámbitos de lucha y defensa /  |c Erik Geovany González Cruz, Flor Idalia Estopier Antonio (coordinadores). 
264 1 |a Ciudad de México :  |b Huika Mexihco,  |c 2024. 
300 |a 1 recurso en línea (145 páginas) 
336 |a texto  |b txt  |2 rdamedia/spa 
337 |a computadora  |b c  |2 rdamedia/spa 
338 |a recurso en línea  |b cr  |2 rdacarrier/spa 
504 |a Contiene bibliografía. 
588 |a Descripción basada en metadatos suministrados por el editor y otras fuentes. 
590 |a Recurso electrónico. Santa Fe, Arg.: elibro, 2026. Disponible vía World Wide Web. El acceso puede estar limitado para las bibliotecas afiliadas a elibro. 
650 4 |a Participación social. 
655 4 |a Libros electrónicos. 
700 1 |a Estopier Antonio, Flor Idalia,  |e coordinador. 
700 1 |a González Cruz, Erik Geovany,  |e coordinador. 
797 2 |a elibro, Corp. 
856 4 0 |u https://elibro.unach.elogim.com/es/lc/unach/titulos/292604